000 00733nam a2200289Ia 4500
005 20260324143549.0
008 008 260324s9999 xx 000 0 eng d
020 _a9781315490854
037 _aEBOOK
040 _aCRL
040 _beng
040 _cCRL
041 _2eng
041 _aeng
084 _qCRL
100 _aWarren J. Samuels; Steven G. Medema
_91216098
245 0 _aGardiner C.Mean's Institutional and Post-Keynesian Economics
245 3 _bAn Interpretation and Assessment
260 _bTaylor and Francis
260 _c1991
365 _a
365 _b180
856 _uhttp://www.taylorfrancis.com/books/9781315490854
942 _cEBOOK
999 _c1821645
_d1821645